Dos nuevas sucursales de la Caja de Ahorros Provincial
Publicado:
San Jorge, núm. 86 - 87 (2n i 3r trimestre 1972), pàg 121 :
MARC
| LEADER | 00000nam a2200000Ia 4500 | ||
|---|---|---|---|
| 001 | |||
| 008 | 160829s9999 xx 000 0 cat d | ||
| 245 | |a Dos nuevas sucursales de la Caja de Ahorros Provincial | ||
| 260 | |a San Jorge, núm. 86 - 87 (2n i 3r trimestre 1972), pàg 121 | ||
| 650 | |a Caixa Catalunya | ||
| 650 | |a Bancs |x Sucursals |9 41927 | ||
| 650 | |a Vilanova de Bellpuig I |9 41938 | ||
| 651 | 0 | |a Sant Martí de Tous |9 50948 | |
| 901 | |a Arxiu | ||
| 942 | |n 1 | ||
| 952 | |0 0 |1 0 |4 0 |7 1 |9 50559 |a Arxiu |b Arxiu |d 2016-12-01 |l 0 |r 2016-12-01 00:00:00 |w 2016-12-01 |y ARXIU | ||
| 999 | |c 54401 |d 54401 | ||